Children and youth in Maharashtra (Record no. 11529)

MARC details
000 -LEADER
fixed length control field 00281nam a2200121Ia 4500
082 ## - DEWEY DECIMAL CLASSIFICATION NUMBER
Classification number RK.013;
100 ## - MAIN ENTRY--AUTHOR NAME
Personal name Khandekar, Mandakini
245 #0 - TITLE STATEMENT
Title Children and youth in Maharashtra
260 ## - PUBLICATION, DISTRIBUTION, ETC. (IMPRINT)
Year of publication 1976
300 ## - PHYSICAL DESCRIPTION
Number of Pages 250p.
942 ## - ADDED ENTRY ELEMENTS (KOHA)
Koha item type Books
Holdings
Withdrawn status Lost status Damaged status Not for loan Home library Current library Date acquired Bill Date Full call number Accession Number Price effective from Koha item type
        NASSDOC Library NASSDOC Library 08/10/2004 2004-10-22 RK.013; 20361 18/04/2019 Books